Com es dirigeix una reunió / (Record no. 47337)

MARC details
000 -LEADER
campo de control de longitud fija 00556nam a2200181 i 4500
001 - NÚMERO DE CONTROL
campo de control 47337
003 - IDENTIFICADOR DE NÚMERO DE CONTROL
campo de control ES-MaACL
005 - FECHA Y HORA DE LA ÚLTIMA TRANSACCIÓN
campo de control 20250522203622.0
007 - CAMPO FIJO DE DESCRIPCIÓN FÍSICA--INFORMACIÓN GENERAL
campo de control de longitud fija t|
008 - DATOS DE LONGITUD FIJA--INFORMACIÓN GENERAL
campo de control de longitud fija 030407s1965 sp ||||1| cat d
100 1# - ENTRADA PRINCIPAL--NOMBRE DE PERSONA
Nombre de persona Coqueret, André.
9 (RLIN) 40433
245 10 - MENCIÓN DEL TÍTULO
Título Com es dirigeix una reunió /
Mención de responsabilidad, etc. André Coqueret ; traductor Ramáon Folch i Camarasa.
260 ## - PUBLICACIÓN, DISTRIBUCIÓN, ETC.
Lugar de publicación, distribución, etc. Barcelona :
Nombre del editor, distribuidor, etc. Nova Terra,
Fecha de publicación, distribución, etc. 1965.
300 ## - DESCRIPCIÓN FÍSICA
Extensión 67 p. :
Otras características físicas il. ;
Dimensiones 21 cm.
700 1# - ENTRADA AGREGADA--NOMBRE PERSONAL
Nombre de persona Folch i Camarasa, Ramon,
Fechas asociadas al nombre 1926-
9 (RLIN) 51450
852 ## - LOCALIZACIÓN
Ubicación ES-MaACL
Número de control de estantería C-30317
Sublocalización o colección R.55857
Holdings
Estatus retirado Estado de pérdida Estado de daño No para préstamo Biblioteca de origen Biblioteca actual Ubicación en estantería Fecha de adquisición Fuente de adquisición Total de préstamos Signatura topográfica completa Código de barras Visto por última vez Precio de reemplazo Tipo de ítem Koha
        Biblioteca del Ateneo de Madrid Biblioteca del Ateneo de Madrid Depósito 2 17/01/2008     C-30317 1049785 23/02/2023 23/02/2023 Libro impreso